States with the Most Largest Counties - Statistics

General Stats
  • This quiz has been taken 30 times
  • The average score is 9 of 10
Answer Stats
# State % Correct
10 Wyoming
96%
12 California
93%
9 Montana
93%
11 Nevada
93%
13 New Mexico
93%
7 Utah
93%
13 Arizona
89%
3 Texas
89%
4 Idaho
86%
7 Oregon
79%
No matching quizzes found
Score Distribution
Percent of People with Each Score
Percentile by Number Answered
Your Score History
You have not taken this quiz